[Event "Bilbao Masters 9th"]
[Site "Bilbao"]
[Date "2016.07.17"]
[Round "5"]
[White "Giri, Anish"]
[Black "Carlsen, Magnus"]
[Result "1/2-1/2"]
[WhiteElo "2785"]
[BlackElo "2855"]
[Annotator "Postny,Evgeny"]
[PlyCount "123"]
[EventDate "2016.07.13"]
[EventType "tourn"]
[EventRounds "10"]
[EventCountry "ESP"]
[EventCategory "22"]
[SourceTitle "CBM 174"]
[Source "ChessBase"]
[SourceDate "2016.09.13"]
[SourceVersion "1"]
[SourceVersionDate "2016.09.13"]
[SourceQuality "1"]

1. d4 d5 2. c4 dxc4 3. Nf3 a6 4. e3 Bg4 {Magnus, as usual, stays away from the main theoretical lines.} 5. Bxc4 e6 6. h3 Bh5 7. Nc3 Nc6 (7... Nf6 8. g4 Bg6 9. Ne5 Nbd7 10. Nxg6 hxg6 11. Bf1 $1 {is a typical idea. The bishop is going to g2 and White normally has slight, but stable advantage.}) 8. O-O Nf6 9. b3 (9. a3 Bd6 10. b4 {is a bit more active way to handle this position.}) ({Another option is} 9. Qe2 Bd6 10. Rd1) 9... Bd6 10. Bb2 O-O 11. Be2 Qe7 12. Rc1 (12. Ne5 Bxe2 13. Nxc6 Bxd1 14. Nxe7+ Bxe7 15. Rfxd1 $11) (12. Nh4 Bxe2 13. Qxe2 Rad8 14. Nf3 Nd5 15. e4 Nf4 16. Qe3 e5 17. dxe5 Bxe5 18. Rad1 Bxc3 19. Bxc3 Ne6 $11 {½-½ (30) Stojanovic,M (2509)-Edouard,R (2620) Switzerland 2016}) (12. Nd2 {is also an option, but Black doesn't have problems to equalize.}) 12... Rad8 ({RR} 12... Bg6 13. Nh4 Rad8 14. Nxg6 hxg6 15. Bf3 e5 16. Bxc6 bxc6 17. Na4 exd4 18. Bxd4 Nd5 19. Qg4 Nb4 20. h4 c5 21. Nxc5 Nxa2 22. Rc4 a5 23. h5 gxh5 24. Qxg7# {1-0 (24) Bjerre,J (2602)-Prohaszka,P (2585) chess.com INT 2023}) ({RR} 12... Rfd8 13. Qc2 Rac8 14. Rfd1 e5 15. dxe5 Nxe5 16. Nh4 Bxe2 17. Nxe2 Qe8 18. Nf5 Bf8 19. Rxd8 Rxd8 20. Qxc7 Nd3 21. Bxf6 Nxc1 22. Bxd8 Nxe2+ 23. Kf1 Qe4 24. Ne7+ Kh8 25. Kxe2 Qb1 26. Nd5 Qxa2+ 27. Kf3 {Brodsky,D (2539)-Kurchenko,E (2255) chess.com INT 2024 1-0}) 13. Ne5 (13. Na4 Ne4 14. Ne5 Bxe2 15. Nxc6 Bxd1 16. Nxe7+ Bxe7 17. Rfxd1 {is extremely safe for White, though it's objectively equal.}) 13... Nxe5 (13... Bxe2 14. Nxc6 Bxd1 15. Nxe7+ Bxe7 16. Rfxd1 {is again equal, but Magnus wants to keep more pieces on the board.}) 14. Bxh5 Ng6 15. Bxg6 $146 {It's not a mistake, but I wouldn't give my bishop for no reason.} (15. Bf3 c6 16. Ne4 Bb8 17. Nxf6+ Qxf6 18. Be4 Ne7 19. Qf3 (19. g3 $142 {[%cal Ge4g2]}) 19... Qh6 20. Rc4 Bd6 21. Bb1 f5 $11 {1-0 (64) Guichard,P (2342)-Velten,P (2422) Condom 2013}) ({RR} 15. Bf3 c6 16. Ne4 Bb8 17. Nxf6+ Qxf6 18. Be4 Ne7 19. Qf3 Qh6 20. Rc4 Bd6 21. Bb1 f5 22. Bc1 g5 23. e4 Qg6 24. e5 Bb8 25. Ba3 Rf7 26. Bxe7 Rxe7 27. g4 Rf7 28. Qe3 Ba7 29. Re1 Qg7 {Guichard,P (2342)-Velten,P (2422) Condom 2013 1-0 (64)}) 15... hxg6 16. Qf3 {An inaccuracy.} (16. Qc2 c6 (16... e5 $6 17. Ne4 {and White is suddenly better.}) 17. Rfd1 Bb8 ({In case of} 17... e5 $6 18. d5 {the white queen doesn't get into the e5-e4 kick, as after 16.f3.}) 18. e4 Ba7 $11) 16... c6 17. Rfd1 (17. e4 $6 e5 18. d5 cxd5 19. Nxd5 Nxd5 20. exd5 e4 {followed by 21...f5 with pleasant prospects for Black.}) (17. Na4 {makes sense.} e5 18. dxe5 Bxe5 19. Bxe5 Qxe5 20. Nc5 {I wouldn't say that White is pressing, but at least it's a constructive idea for him.}) 17... e5 18. dxe5 (18. Ne4 $6 Nxe4 19. Qxe4 f5 20. Qc2 e4 {is better for Black thanks to space advantage and superior bishop.}) 18... Bxe5 19. Rxd8 Rxd8 20. Rd1 b5 $1 {After a series of slight inaccuracies Giri found himself in a position where he has to be cautious.} 21. g3 $6 {There were more useful moves than this.} ({The pawn is taboo:} 21. Qxc6 $4 b4 {and Black is winning material.}) ({For instance} 21. Qe2 {would be accurate enough.}) 21... Rxd1+ 22. Qxd1 (22. Nxd1 $2 Bxb2 23. Nxb2 Qd7 {[%cal Gd7d2,Gd7h3] underlines the drawback of 21.g3.}) 22... c5 {Black's pawn majority on the queenside is now a factor.} 23. Qd3 Kh7 $1 {Hiding the king away from possible check on d8.} ({The following line gives a clear hint why 23...Kh7 is useful:} 23... Qe6 $6 24. Qd8+ Kh7 {[%tqu "En","How should White continue?","","","c3e4","",5]} 25. Ne4 $1 Nxe4 26. Qh4+ Kg8 27. Qd8+ {and White delivers a perpetual check.}) 24. Nd1 Bxb2 25. Nxb2 Qe6 26. g4 Qc6 {[%cal Gc6f3]} 27. Qe2 Ne4 28. Qc2 (28. f3 {looks safer.}) 28... Ng5 29. f4 Ne6 ({The knight will not come out after} 29... Nxh3+ $2 30. Kh2 Qf3 $2 31. Qg2 $1) 30. Qg2 Qd6 31. Qe2 Qd5 (31... g5 32. Qd3+ Qxd3 33. Nxd3 c4 34. bxc4 bxc4 35. Nb4 gxf4 36. Nxa6 fxe3 37. Nb4 {White will not have problems to hold, as his a-pawn will distract the black knight, while White's king is close to Black's passed pawns.}) 32. Qg2 Qd6 33. h4 {I am surprised that Anish didn't repeat moves by 33.e2. Perhaps, he got concerned about 33...g5.} Nc7 34. h5 gxh5 35. gxh5 Qe7 (35... Qd5 36. Qxd5 Nxd5 37. Kf2 Nc3 38. Nd3 Nxa2 39. Nxc5 a5 40. Ke2 Kh6 41. Kd2 Nb4 42. Nb7 a4 43. bxa4 bxa4 44. Nd6 Kxh5 45. Nxf7 {Very few material left, so White holds.} Nd5 46. e4 (46. Ne5 $2 Nxe3 $1) 46... Nxf4 47. Kc3 Kg4 ({Black can't win also after} 47... Kg6 48. Nd6) 48. Kb4 Nd3+ 49. Kxa4 $11) 36. Qf3 Qd7 37. Nd1 Qd5 38. Qe2 ({After} 38. Qxd5 $2 Nxd5 39. Kf2 Kh6 {White will lose a pawn and his knight is still passive.}) 38... Qf5 39. Nf2 Nd5 40. Kg2 (40. e4 $2 Nxf4 $19 {[%csl Re2]}) 40... c4 41. bxc4 bxc4 42. Kg3 $1 c3 43. Qxa6 c2 (43... Nb4 44. Qc4 c2 45. a3 Nd5 46. Qd3 Ne7 {The same position arose in the game, just with White's pawn on a2. This makes no difference.}) 44. Qd3 Ne7 (44... Qxd3 45. Nxd3 Nxe3 46. Kf3 Nd5 47. Nc1 Kh6 48. Ke4 Nb6 49. Kd3 Kxh5 50. Kxc2 Kg4 51. Nd3 $11) 45. Qc4 Qxh5 46. Qxc2+ Nf5+ 47. Kg2 Qg6+ 48. Kh2 Qg3+ 49. Kh1 g6 50. Qe2 Nxe3 51. Ne4 $1 Qxf4 52. Qh2+ {A queen exchange is a huge relief for Giri.} Qxh2+ 53. Kxh2 Nc4 54. Kg3 Kg7 55. a4 f5 56. Ng5 Kf6 57. Kh4 {Black's knight has to guard the a-pawn and therefore can't help to break the blockade on the kingside.} Na5 58. Nh7+ Kg7 59. Ng5 Nc6 60. Ne6+ Kf6 61. Ng5 Ke5 62. Nh3 {Anish played for a draw since the opening, got himself into trouble, but defended tenaciously and eventually got away with half a point.} 1/2-1/2

[Event "Bilbao Masters 9th"]
[Site "Bilbao"]
[Date "2016.07.21"]
[Round "8"]
[White "Karjakin, Sergey"]
[Black "Carlsen, Magnus"]
[Result "1/2-1/2"]
[WhiteElo "2773"]
[BlackElo "2855"]
[PlyCount "38"]
[EventDate "2016.07.13"]
[EventType "tourn"]
[EventRounds "10"]
[EventCountry "ESP"]
[EventCategory "22"]
[SourceTitle "CBM 174"]
[Source "ChessBase"]
[SourceDate "2016.09.13"]
[SourceVersion "1"]
[SourceVersionDate "2016.09.13"]
[SourceQuality "1"]

1. d4 Nf6 2. c4 e6 3. Nf3 d5 4. Nc3 Bb4 5. Qa4+ Nc6 6. e3 O-O 7. Qc2 Re8 8. Bd2 a6 9. a3 Bd6 10. h3 Bd7 11. cxd5 exd5 12. Bd3 Na7 13. Qb3 c6 14. Qxb7 Nb5 15. Nxb5 axb5 16. Ne5 Rb8 17. Qa6 Ra8 18. Qb7 Rb8 19. Qa6 $146 ({RR} 19. Qa7 Ra8 {½-½ (20) Goormachtigh,J (2164)-De Waele,W (2225) Roux 2019}) 19... Ra8 1/2-1/2

[Event "Bilbao Masters 9th"]
[Site "Bilbao"]
[Date "2016.07.22"]
[Round "9"]
[White "Carlsen, Magnus"]
[Black "Giri, Anish"]
[Result "1-0"]
[WhiteElo "2855"]
[BlackElo "2785"]
[Annotator "Pavlovic,Milos"]
[PlyCount "89"]
[EventDate "2016.07.13"]
[EventType "tourn"]
[EventRounds "10"]
[EventCountry "ESP"]
[EventCategory "22"]
[SourceTitle "CBM 174"]
[Source "ChessBase"]
[SourceDate "2016.09.13"]
[SourceVersion "1"]
[SourceVersionDate "2016.09.13"]
[SourceQuality "1"]

1. d4 d5 2. Bf4 {This system, a combination of London, Colle and similar ideas, is getting popular nowadays.} Bf5 {I will give here one recent example:} (2... c5 3. e3 Nc6 4. Nf3 e6 5. c3 Bd6 6. Bg3 Nf6 7. Nbd2 O-O 8. Bb5 {Recently this move replaced the usual 8.d3.} Ne7 9. Bd3 Qb6 10. Rb1 Ng6 11. Bxg6 hxg6 12. Bxd6 Qxd6 13. Ne5 b6 14. Qf3 Ba6 15. h4 Nd7 16. Nxd7 Qxd7 17. h5 g5 18. h6 f6 19. Qh5 Bd3 $132 {0-1 (38) Gelfand,B (2734)-Inarkiev,E (2730) Magas (rapid) 2016}) 3. e3 e6 4. Bd3 {The world champion is playing cautios.} (4. c4 Bxb1 5. Qxb1 Bb4+ 6. Kd1 dxc4 7. Bxc4 Bd6 8. Bg3 c5 9. Bb5+ Kf8 10. Nf3 Bxg3 11. hxg3 Nf6 12. Qc2 cxd4 13. Nxd4 g6 14. Ke2 Kg7 15. Rac1 $14 {1-0 (70) Georgiev,K (2628)-Godena,M (2495) Padova 2014. This is just one example how the game may continue.}) 4... Bxd3 5. Qxd3 c6 6. Nd2 Nf6 7. Ngf3 Be7 8. O-O ({RR} 8. Ne5 Nbd7 9. c3 O-O 10. Bg3 c5 11. f4 a6 12. O-O b5 13. f5 Nxe5 14. dxe5 Ne4 15. Nxe4 dxe4 16. Qxe4 exf5 17. Qxf5 Qd5 18. e4 Qd2 19. Rf2 Qe3 20. Bf4 Qd3 21. Rf3 Qe2 22. Rf2 Qd3 {Aaradhya Das (1722)-Jahnz,L (2157) chess.com INT 2025 1-0 (51)}) 8... O-O 9. h3 Nbd7 10. a4 c5 $146 (10... a5 11. e4 dxe4 12. Nxe4 Nxe4 13. Qxe4 Qb6 14. c4 {with similar play to the Slav Defence where White is doing the same thing with Bd3 and early exchange of the bishops.}) ({RR} 10... a5 11. Qb3 Qb6 12. Qxb6 Nxb6 13. Ne5 Ne4 14. Nb3 Nc4 15. Nd3 b6 16. Nbc1 Rfc8 17. Ne2 g5 18. Bh2 Ra7 19. Rfc1 Bd6 20. Bxd6 Ncxd6 21. f3 Nf6 22. Ne5 Nd7 23. b3 Nxe5 24. dxe5 Nf5 25. Kf2 {Salomon,J (2498)-Blomqvist,E (2541) Sastamala 2016 ½-½ (43)}) 11. a5 c4 {I am not so sure about this move, after that White knows exactly what to do.} (11... Rc8 12. c3 Rc6 {with balanced play.}) 12. Qe2 b5 13. axb6 axb6 14. Ne5 $1 {Of course, White's play is straingtforward in a way.} Nxe5 (14... Qc8 15. e4 Rd8 16. c3 b5 17. Bg5 Qb7 {looks solid for Black, but so is White's position.}) 15. dxe5 Nd7 16. Qg4 Re8 (16... Qc7 17. Nf3 Kh8 18. h4 Ra5 19. h5 h6 20. Nd4 Rfa8 21. Rxa5 Rxa5 22. Bg3 Ra2 23. f4 {Such type of play I guess Carlsen would do. The position is interesting, perhaps easier to play with White.}) 17. h4 f5 (17... Rxa1 18. Rxa1 Bxh4 19. Bh6 g6 20. Nf3 Be7 21. Ra7 $44) 18. Qh3 {With the idea to play g4.} Rxa1 19. Rxa1 c3 $6 20. bxc3 Qc7 21. c4 Nxe5 $2 (21... dxc4 $13) 22. Qg3 $1 Bd6 (22... Bf6 23. Kh1 $1 { f3}) 23. cxd5 (23. c5 $1 bxc5 24. Ra6 Rd8 25. Rxd6 Qxd6 26. Bxe5 $16) 23... exd5 24. Nb3 {It is clear now that Black misplayed the position somehow. White is better.} Qxc2 25. Nd4 Qc8 26. h5 Qd7 27. Rb1 Bc7 28. f3 Qf7 29. Ra1 Bd6 30. Ra6 Qxh5 31. Rxb6 Nc4 32. Rxd6 Nxd6 33. Bxd6 $16 {White managed to take control of a game and result is two pieces against rook where pieces are really at good places.} Rxe3 34. Be5 Qg6 35. Qf4 Re1+ 36. Kf2 Ra1 37. Qd2 Ra8 $2 (37... Qa6 $142) 38. Nxf5 $1 $18 Qe6 39. Qg5 g6 40. Nh6+ Kf8 41. Ng4 Ke8 42. Nf6+ Kf7 43. Nxh7 Ra4 44. Qd8 Ra2+ 45. Kg1 1-0

[Event "Bilbao Masters 9th"]
[Site "Bilbao"]
[Date "2016.07.23"]
[Round "10"]
[White "So, Wesley"]
[Black "Carlsen, Magnus"]
[Result "1/2-1/2"]
[WhiteElo "2770"]
[BlackElo "2855"]
[Annotator "ChessBase"]
[PlyCount "75"]
[EventDate "2016.07.13"]
[EventType "tourn"]
[EventRounds "10"]
[EventCountry "ESP"]
[EventCategory "22"]
[SourceTitle "CBM 174"]
[Source "ChessBase"]
[SourceDate "2016.09.13"]
[SourceVersion "1"]
[SourceVersionDate "2016.09.13"]
[SourceQuality "1"]
[TimeControl "40/5400:3600+10"]

1. d4 Nf6 2. c4 e6 3. Nf3 d5 4. Nc3 Bb4 5. Bg5 h6 6. Bxf6 Qxf6 7. e3 O-O 8. Rc1 dxc4 9. Bxc4 c5 10. O-O cxd4 11. Nxd4 Bd7 12. Qb3 {danach verflacht die Partie sehr schnell} (12. Ne4 {ist ein ambitionierterer Versuch} Qe7 13. Qh5 Nc6 14. Nb3 Be8 15. a3 f5 16. Qe2 Bxa3 17. bxa3 fxe4 18. Nc5 Ne5 19. Ba2 Nf3+ 20. Kh1 Qh4 21. gxf3 Bh5 22. Bxe6+ Kh8 23. Bg4 exf3 24. Qb2 Bxg4 25. Rg1 Rf7 26. Qd4 h5 27. Nd3 Rd8 28. Qe4 Qe7 29. Qxe7 Rxe7 30. Nf4 Kh7 31. Rc5 g6 32. h3 Bf5 33. Nxh5 Bxh3 34. Kh2 Bf5 35. Nf6+ Kh6 36. e4 Rf8 37. e5 b6 38. Rd5 Kg7 39. Kg3 Be6 40. Rh1 Bg8 41. Kf4 Rc8 42. Rd4 b5 43. Re1 a5 44. Kxf3 Rc3+ 45. Kf4 Rxa3 46. Nxg8 Kxg8 47. e6 Ra4 48. Rxa4 bxa4 49. Ke5 Kg7 50. Kd6 Kf8 51. Rc1 Re8 52. Ke5 a3 53. Kf6 a2 54. Ra1 Rb8 55. f4 Rb4 56. f5 gxf5 57. Rxa2 Rh4 58. Rd2 Rh6+ 59. Ke5 Rh1 60. Kd6 Ke8 61. Rg2 Rd1+ 62. Ke5 Rh1 63. Rg6 Ke7 64. Rg7+ Ke8 65. Kf6 Rh6+ 66. Ke5 Rh1 {1/2-1/2 (66) So,W (2762)-Hou,Y (2673) Wijk aan Zee 2015 CBM 165 [Ftacnik,L]}) 12... Nc6 13. Nxc6 Bxc3 14. Qxb7 (14. Rxc3 Bxc6 15. Bb5 Bd5 16. Bc4 Bc6 17. Bb5 Bd5 18. Bc4 {1/2-1/2 (18) Ivanchuk,V (2715)-Carlsen,M (2862) Wijk aan Zee 2015}) 14... Bxc6 15. Qxc6 Bxb2 16. Rc2 Rac8 17. Qa4 Rc7 {Diagramm [#] Weiß hat aufgrund der etwas besser platzierten Figuren "symbolischen Vorteil", doch die Stellung gibt freilich zu wenig her um den Weltmeister unter Druck zu setzen} 18. Bd3 Rxc2 19. Bxc2 ({RR} 19. Qxc2 Qc3 20. Qxc3 Bxc3 21. a4 Rb8 22. Rb1 Rxb1+ 23. Bxb1 Kf8 24. Kf1 Ke7 25. Bd3 a5 26. Ke2 Bb4 27. g4 g5 28. h3 Bc3 29. Bb5 Bb4 30. Bd3 Bc3 {½-½ (30) Kozul,Z (2507)-Brkic,A (2586) Austria AUT 2025}) 19... Rc8 $146 ({RR} 19... Qe7 20. h4 Rc8 21. Qe4 Qc5 22. Rd1 g6 23. Bb3 Qc6 24. Qxc6 {½-½ (24) Kempinski,R (2568)-Gavrilescu,D (2512) Germany 2022}) ({RR} 19... Qe7 20. h4 Rc8 21. Qe4 Qc5 22. Rd1 g6 23. Bb3 Qc6 24. Qxc6 {½-½ (24) Kempinski,R (2568)-Gavrilescu,D (2512) Germany 2022}) 20. Rd1 Qc3 21. Bb3 Qc5 22. g3 Bf6 23. Rd7 Rc7 24. Rxc7 Qxc7 25. Qe8+ Kh7 26. h4 g6 27. Qa8 Kg7 28. Kg2 h5 29. Qe4 a5 30. Ba4 Qc5 31. Qb7 Qb4 32. Qxb4 axb4 33. Kf3 Bc3 34. Kg2 Be1 35. Kf1 Bc3 36. Kg2 Be1 37. Kf1 Bc3 38. Kg2 1/2-1/2

[Event "Olympiad-42"]
[Site "Baku"]
[Date "2016.09.04"]
[Round "3.1"]
[White "Lupulescu, Constantin"]
[Black "Carlsen, Magnus"]
[Result "1/2-1/2"]
[WhiteElo "2618"]
[BlackElo "2857"]
[PlyCount "153"]
[EventDate "2016.09.02"]
[EventType "team-swiss"]
[EventRounds "11"]
[EventCountry "AZE"]
[SourceTitle "CBM 175"]
[Source "ChessBase"]
[SourceDate "2016.11.10"]
[SourceVersion "1"]
[SourceVersionDate "2016.11.10"]
[SourceQuality "1"]
[WhiteTeam "Romania"]
[BlackTeam "Norway"]
[WhiteTeamCountry "ROU"]
[BlackTeamCountry "NOR"]

1. d4 d5 2. c4 c6 3. Nf3 Nf6 4. e3 Bg4 5. h3 Bxf3 6. Qxf3 e6 7. Nc3 Nbd7 8. Bd3 Bd6 9. cxd5 exd5 10. g4 Nf8 11. h4 Ne6 12. g5 Nd7 13. Bd2 Qe7 14. O-O-O O-O-O 15. Qg4 g6 16. f4 $146 ({RR} 16. Rhe1 f5 17. gxf6 Nxf6 18. Qh3 Kb8 19. Kb1 Rhe8 20. Rg1 Ka8 21. Bc1 Rf8 22. Rg2 c5 23. dxc5 Nxc5 24. Bc2 Be5 25. Ne2 Rc8 26. Nd4 Nfe4 27. f3 Nd6 28. h5 g5 29. h6 Bf6 30. Nf5 Qe6 {Gelfand,B (2764)-Vachier Lagrave,M (2719) Tromsoe 2013 ½-½ (72)}) 16... f5 17. Qf3 Kb8 18. h5 Nb6 19. Kb1 a6 20. Bc1 Rc8 21. hxg6 hxg6 22. Rxh8 Rxh8 23. Rh1 Qe8 24. Rh3 Ka7 25. a3 Rg8 26. Qh1 Bf8 27. Rh8 Bg7 28. Rxg8 Qxg8 29. Bf1 Nc8 30. Bd3 Nd6 31. Bf1 Bf8 32. Be2 Be7 33. Bd3 Nf8 34. Qh2 Nd7 35. Ne2 c5 36. dxc5 Nxc5 37. Bc2 Nce4 38. Ng3 Nxg3 39. Qxg3 Qe6 40. Qe1 Nc4 41. Qc3 Bc5 42. Bd3 Bb6 43. Qf6 Qe8 44. Bxc4 dxc4 45. Bd2 Bxe3 46. Bxe3+ Qxe3 47. Qxg6 Qe4+ 48. Ka1 Qh1+ 49. Ka2 Qd5 50. Ka1 Qd1+ 51. Ka2 Qb3+ 52. Ka1 c3 53. bxc3 Qxa3+ 54. Kb1 Qb3+ 55. Kc1 Qxc3+ 56. Kd1 Qf3+ 57. Kc2 Qxf4 58. Qf6 Qe4+ 59. Kd2 f4 60. g6 Qe3+ 61. Kc2 Qe2+ 62. Kc3 Qe1+ 63. Kc2 Qf2+ 64. Kd3 Qe3+ 65. Kc2 f3 66. g7 Qg1 67. Qf8 Qg2+ 68. Kd3 f2 69. Qc5+ Kb8 70. Qe5+ Kc8 71. Qe6+ Kc7 72. Qe7+ Kc6 73. Qe6+ Kc5 74. Qe5+ Kb4 75. Qd4+ Kb5 76. Qe5+ Kc6 77. Qe6+ 1/2-1/2

[Event "Olympiad-42"]
[Site "Baku"]
[Date "2016.09.06"]
[Round "5.1"]
[White "Carlsen, Magnus"]
[Black "Winants, Luc"]
[Result "1-0"]
[WhiteElo "2857"]
[BlackElo "2558"]
[PlyCount "77"]
[EventDate "2016.09.02"]
[EventType "team-swiss"]
[EventRounds "11"]
[EventCountry "AZE"]
[SourceTitle "CBM 175"]
[Source "ChessBase"]
[SourceDate "2016.11.10"]
[SourceVersion "1"]
[SourceVersionDate "2016.11.10"]
[SourceQuality "1"]
[WhiteTeam "Norway"]
[BlackTeam "Belgium"]
[WhiteTeamCountry "NOR"]
[BlackTeamCountry "BEL"]

1. d4 Nf6 2. c4 e6 3. Nf3 Bb4+ 4. Nbd2 O-O 5. a3 Be7 6. e4 d6 7. Be2 c5 8. d5 exd5 9. cxd5 Re8 10. O-O Bf8 11. Re1 a6 12. Qc2 Bg4 13. b3 $146 ({RR} 13. Bf1 Nbd7 14. b3 g6 15. Bb2 Bg7 16. h3 Bxf3 17. Nxf3 Nh5 18. Bxg7 Nxg7 19. a4 Qf6 20. Rab1 Rac8 21. Re3 g5 22. Be2 h5 23. Rf1 Re7 24. Nd2 Rce8 25. Kh1 Qh6 26. Nc4 Ne5 27. a5 Rf8 {Rohith,K (2474)-Munkhdalai,A (2388) Tagaytay City PHI 2024 ½-½ (47)}) ({RR} 13. Bf1 Nbd7 14. b3 g6 15. Bb2 Bg7 16. a4 Re7 17. h3 Bxf3 18. Nxf3 Qf8 19. Bc4 Nxe4 20. Bxg7 Qxg7 21. Bd3 Rae8 22. Bxe4 Rxe4 23. Rxe4 Qxa1+ 24. Kh2 Rxe4 25. Qxe4 Ne5 26. Nd2 Qc3 27. f4 f5 {Percivaldi,M (2391)-Rios,C (2530) Barcelona 2019 ½-½ (72)}) 13... Nbd7 14. Bb2 b5 15. a4 Qb6 16. Bf1 Bxf3 17. Nxf3 g6 18. g3 Bg7 19. Kg2 Rac8 20. h3 Rb8 21. axb5 axb5 22. Nd2 Ra8 23. Bc3 h5 24. Qd3 Rxa1 25. Bxa1 Rb8 26. Bc3 Qd8 27. f4 Nb6 28. Nf3 c4 29. bxc4 bxc4 30. Qc2 Ra8 31. Bd4 Nfd7 32. e5 dxe5 33. fxe5 Nxd5 34. Bxc4 N7b6 35. Bxb6 Nxb6 36. e6 Nxc4 37. exf7+ Kxf7 38. Qxc4+ Kf8 39. Rf1 1-0